Making India awesome : (Record no. 8427)

MARC details
000 -LEADER
fixed length control field 00690nam a22001577a 4500
008 - FIXED-LENGTH DATA ELEMENTS--GENERAL INFORMATION
fixed length control field 200120b ||||| |||| 00| 0 eng d
020 ## - INTERNATIONAL STANDARD BOOK NUMBER
International Standard Book Number 9788129137425
082 ## - DEWEY DECIMAL CLASSIFICATION NUMBER
Classification number 361.1 BHA
100 ## - MAIN ENTRY--PERSONAL NAME
Personal name Bhagat, Chetan
245 ## - TITLE STATEMENT
Title Making India awesome :
Remainder of title new essays & columns
260 ## - PUBLICATION, DISTRIBUTION, ETC.
Place of publication, distribution, etc. New Delhi :
Name of publisher, distributor, etc. Rupa,
Date of publication, distribution, etc. 2015.
300 ## - PHYSICAL DESCRIPTION
Extent 177 pages :
Other physical details illustrations (black and white) ;
Dimensions 22 cm.
500 ## - GENERAL NOTE
General note Collection subset: Social Welfare<br/>Bibliography note: Includes bibliographical references.<br/>Additional phys. form: Also available as an e-book.
650 ## - SUBJECT ADDED ENTRY--TOPICAL TERM
Topical term or geographic name entry element Social problems -- India; India -- Politics and government -- 21st century; India -- Social conditions -- 21st century;
942 ## - Added entry Elements (Koha)
Source of classification or shelving scheme Dewey Decimal Classification
Holdings
Withdrawn status Lost status Source of classification or shelving scheme Damaged status Not for loan Collection code Home library Current library Shelving location Date acquired Serial Enumeration / chronology Total Checkouts Full call number Barcode Date last seen Price effective from Koha item type
    Dewey Decimal Classification     Main TEST RTC Library RTC Library Main opac 20/01/2020 14433   361.1 BHA 30014021 20/01/2020 20/01/2020 Main
Royal Thimphu College || All Right Reserved